|
|
|
|
| LEADER |
00000cam a2200000 4500 |
| 001 |
vtls012276474 |
| 003 |
SK-MaSNL |
| 005 |
20260301232148.0 |
| 008 |
250516s2024 xo ho g 000 0 slo |
| 015 |
|
|
|a SNBA2025/06
|
| 020 |
|
|
|q (brožované)
|
| 040 |
|
|
|a SNK
|b slo
|c SNK
|e rda
|
| 041 |
0 |
|
|a slo
|
| 043 |
|
|
|a e-xo---
|
| 044 |
|
|
|a xo
|c SK
|
| 072 |
|
7 |
|a 656.8
|x Poštové služby a správa
|2 konspekt
|
| 080 |
|
|
|a 656.835.91‑055.1
|2 2011
|
| 080 |
|
|
|a 656.835.91:061
|2 2011
|
| 080 |
|
|
|a 061.2
|2 2011
|
| 080 |
|
|
|a (437.613.527)
|2 2011
|
| 080 |
|
|
|a (082.2)
|2 2011
|
| 100 |
1 |
|
|a Gallo, Ľuboš
|4 aut
|9 625370
|
| 245 |
1 |
0 |
|a História klubu filatelistov 52-40 Partizánske k 80. výročiu založenia Filatelistického klubu Baťovany
|c Ľuboš Gallo, Juraj Krasula, Peter Múčka, Jozef Šiarik, Ctibor Hrúz
|
| 264 |
|
1 |
|a Partizánske
|b klub filatelistov 52-40 Partizánske
|c 2024
|
| 300 |
|
|
|a 119 strán
|b faksimile, fotografie
|c 30 cm
|
| 336 |
|
|
|a text
|b txt
|2 rdacontent
|
| 336 |
|
|
|a statický obraz
|b sti
|2 rdacontent
|
| 337 |
|
|
|a bez média
|b n
|2 rdamedia
|
| 338 |
|
|
|a zväzok
|b nc
|2 rdacarrier
|
| 610 |
2 |
7 |
|a Klub filatelistov 52 - 40 (Partizánske, Slovensko)
|2 SNKKA
|9 625371
|
| 650 |
0 |
7 |
|a filatelisti
|2 SNKPH
|9 31180
|
| 650 |
0 |
7 |
|a Stamp collectors
|2 SNKPHeng
|9 370223
|
| 650 |
0 |
7 |
|a kluby filatelistov
|2 SNKPH
|9 59205
|
| 650 |
0 |
7 |
|a Philatelists clubs
|2 SNKPHeng
|9 370222
|
| 650 |
0 |
7 |
|a záujmové organizácie
|2 SNKPH
|9 70883
|
| 650 |
0 |
7 |
|a Interest organizations
|2 SNKPHeng
|9 267343
|
| 651 |
|
7 |
|a Partizánske (Slovensko)
|2 SNKPHgeo
|9 51183
|
| 651 |
|
7 |
|a Partizánske (Slovakia)
|2 SNKPHeng
|9 376470
|
| 655 |
|
7 |
|a jubilejné publikácie
|2 SNKPH
|9 70339
|
| 655 |
|
7 |
|a Jubilee books
|2 SNKPHeng
|9 281827
|
| 700 |
1 |
|
|a Krasula, Juraj
|4 aut
|9 558888
|
| 700 |
1 |
|
|a Múčka, Peter
|4 aut
|9 276556
|
| 700 |
1 |
|
|a Šiarik, Jozef
|4 aut
|9 625372
|
| 700 |
1 |
|
|a Hrúz, Ctibor
|4 aut
|9 625373
|
| 852 |
|
|
|a Slovenská národná knižnica
|
| 954 |
|
|
|a odborná, vedecká literatúra pôvodná (slovenská)
|2 lita
|
| 999 |
|
|
|c 960641
|d 962571
|
| 952 |
|
|
|a SNK
|b SNK
|y PREZ
|7 0
|p 17A1574048
|o snkSB 101585
|i snk2025/7850
|8 0
|0 0
|1 0
|4 0
|d 2025-05-16
|f 1
|l 0
|r 2026-02-24 10:17:43
|w 2026-02-24
|
| 952 |
|
|
|a SNK
|b SNK
|y VYP
|7 0
|p 17A1574047
|o snkSB 101585 D1
|i snk2025/7851
|8 0
|0 0
|1 0
|4 0
|d 2025-05-16
|l 0
|r 2026-02-24 10:17:43
|w 2026-02-24
|